Public opinion and american democracy
Enregistré dans:
| Auteur principal: | |
|---|---|
| Format: | Livre |
| Langue: | anglais |
| Publié: |
Nueva York
Alfred A. Knopf
1961
|
| Sujets: | |
| Tags: |
Ajouter un tag
Pas de tags, Soyez le premier à ajouter un tag!
|
MARC
| LEADER | 00000nam a2200000 a 4500 | ||
|---|---|---|---|
| 001 | UCQ0416 | ||
| 003 | CL-VaPUC | ||
| 008 | 980627e19610000US |||||||||||||||||eng|d | ||
| 082 | 0 | 4 | |a 303.38 |b KEY |2 21 |
| 100 | |a Key, V. O |e author |9 413613 | ||
| 245 | 1 | 0 | |a Public opinion and american democracy |
| 300 | |a 585 p | ||
| 942 | |c BK | ||
| 945 | |d 19980627 00:00:00 |a crobeson | ||
| 260 | |a Nueva York |b Alfred A. Knopf |c 1961 | ||
| 650 | 0 | |a Opinión pública |9 255512 | |
| 650 | 7 | |a COMUNICACION DE MASAS |2 CL-VaPUC |9 334823 | |
| 650 | 7 | |a IMPACTO DE LA COMUNICACION |2 CL-VaPUC |9 334456 | |
| 650 | 0 | |a Información pública |9 257272 | |
| 650 | 0 | |a Democracia |9 255256 | |
| 650 | 7 | |a CONSENSO |2 CL-VaPUC |9 413614 | |
| 650 | 0 | |a Conflicto social |9 255404 | |
| 650 | 0 | |a Sociología política |9 255920 | |
| 583 | |a last modification |c 19980627 00:00:00 |k Rodrigo Vera | ||
| 999 | |c 271546 |d 271544 | ||
| 952 | |0 0 |1 0 |4 0 |6 303_380000000000000_KEY_1961 |7 0 |8 A |9 306229 |a BIBENE |b BIBENE |d 2019-11-20 |i 1424815 |o 303.38 KEY 1961 |p 1424815 |r 2025-01-15 |w 2019-11-20 |y BK |k ICO | ||
| 952 | |0 0 |1 0 |4 0 |6 303_380000000000000_KEY_1961 |7 0 |8 A |9 306230 |a BIBHIS |b BIBHIS |d 2019-11-20 |i 1208675 |o 303.38 KEY 1961 |p 1208675 |r 2025-01-20 |w 2019-11-20 |y BK |k HIS | ||